000 01057nam a22002537a 4500
005 20111121143018.0
010 _aB-444728
020 _a9780791070024
_c295.00
035 _aB-444728
082 0 0 _a796.62
100 1 _aHerran, Joe.
_937820
245 1 0 _aBMX riding /
_cJoe Herran and Ron Thomas.
260 _aPhiladelphia :
_bChelsea House Publishers,
_c2003.
270 _a1974 Sproul Road, Suite 400
_bBroomall,
_ePA19008-0914
300 _a32 p.
_bcol. ill.
_c29 cm.
490 1 _aAction sports
_937821
500 _aIncludes index.
700 1 _aThomas, Ron,
_935960
830 0 _935961
942 _2ddc
_cCH
_h796.62
_mHER
999 _c58570
_d58570